| Tag |
First Indicator |
Second Indicator |
Subfields |
| LEADER |
00000pam a2200000 a 4500 |
| 001 |
in00000095622 |
| 005 |
20150923173738.0 |
| 008 |
811104s1982 nyucf b 00110 eng |
| 010 |
|
|
|a 81019944
|
| 020 |
|
|
|a 0030593328
|
| 035 |
|
|
|a (OCoLC)07976411
|
| 035 |
|
|
|9 AAK8270AM
|
| 039 |
0 |
|
|a 2
|b 3
|c 3
|d 3
|e 3
|
| 040 |
|
|
|a DLC
|c DLC
|d TXA
|d UtOrBLW
|
| 049 |
|
|
|a TXAM
|c [1362647]
|
| 050 |
0 |
0 |
|a RA790.5
|b S27 1981
|
| 082 |
0 |
|
|a 302
|2 19
|
| 100 |
1 |
|
|a Sarason, Seymour Bernard,
|d 1919-2010.
|
| 245 |
1 |
0 |
|a Psychology and social action :
|b selected papers /
|c Seymour B. Sarason.
|
| 264 |
|
1 |
|a New York :
|b Praeger,
|c 1982.
|
| 300 |
|
|
|a x, 276 pages, 1 unnumbered leaf of plates :
|b portrait ;
|c 25 cm.
|
| 336 |
|
|
|a text
|b txt
|2 rdacontent
|
| 337 |
|
|
|a unmediated
|b n
|2 rdamedia
|
| 338 |
|
|
|a volume
|b nc
|2 rdacarrier
|
| 490 |
1 |
|
|a Centennial psychology series
|
| 500 |
|
|
|a Includes indexes.
|
| 504 |
|
|
|a Bibliography: pages 257-262.
|
| 650 |
|
0 |
|a Community mental health services.
|
| 650 |
|
0 |
|a Mental health.
|
| 650 |
|
0 |
|a Psychology.
|
| 830 |
|
0 |
|a Centennial psychology series.
|
| 999 |
|
|
|a MARS
|
| 999 |
f |
f |
|s 191fbb4e-370b-3260-b185-ef5823b964e8
|i 3e63d340-c490-3731-9430-95e3ced0f5e6
|t 0
|
| 952 |
f |
f |
|p ric
|a Texas A&M University
|b Rellis Campus
|c Joint Library Facility
|d Remote Storage
|t 0
|e RA790.5 S27 1981
|h Library of Congress classification
|i unmediated -- volume
|m A14806011218
|
| 998 |
f |
f |
|a RA790.5 S27 1981
|t 0
|l Remote Storage
|